[Event "It (open)"]
[Site "masterchessopen.com Tabor (Czech Republic)"]
[Date "2012.07.29"]
[Round "1"]
[White "Kantorik Marian (SVK)"]
[Black "Zabloudil Frantisek (CZE)"]
[Result "1-0"]
[WhiteElo "2305"]
[BlackElo "1878"]

1.d4 d5 2.c4 e6 3.Nc3 c6 4.Nf3 Nf6 5.Bg5 dxc4 6.e4 b5 7.e5 h6 8.Bh4 g5 9.exf6
gxh4 10.Ne5 Qxf6 11.a4 Bd6 12.Be2 Bxe5 13.dxe5 Qxe5 14.O-O b4 15.Na2 a5
16.Bxc4 h3 17.Re1 Qf5 18.b3 Ra7 19.Qd4 {#r} 1-0

[Event "It (open)"]
[Site "masterchessopen.com Split (Croatia)"]
[Date "2012.08.14"]
[Round "4"]
[White "Houska Jovanka (ENG)"]
[Black "Stitterich Nadine (GER)"]
[Result "1-0"]
[WhiteElo "2406"]
[BlackElo "2001"]

1.d4 d5 2.c4 c6 3.Nc3 e6 4.Nf3 dxc4 5.Bg5 Nf6 6.e4 h6 7.Bxf6 Qxf6 8.Bxc4 Bb4
9.O-O Nd7 10.e5 Qd8 11.Ne4 Nb6 12.Bd3 Nd5 13.Rc1 Be7 14.Bb1 Qc7 15.Nfd2 b6
16.Nc4 Bd7 17.Ncd6+ Bxd6 18.Nxd6+ Ke7 19.Be4 f5 20.Nxf5+ exf5 21.Bxd5 Qb7
22.Bb3 Be6 23.Bxe6 Kxe6 24.Qh5 Rhf8 25.Qg6+ Kd5 26.Qd6+ {#r} 1-0

[Event "It (open)"]
[Site "masterchessopen.com Vienna (Austria)"]
[Date "2012.08.15"]
[Round "3"]
[White "Schuh Manuel (AUT)"]
[Black "Gratze Michael (AUT)"]
[Result "0-1"]
[WhiteElo "1871"]
[BlackElo "2020"]

1.d4 d5 2.c4 c6 3.Nf3 Nf6 4.Nc3 e6 5.Bg5 dxc4 6.e4 b5 7.e5 h6 8.Bh4 g5 9.Nxg5
hxg5 10.Bxg5 Nbd7 11.exf6 Bb7 12.a3 Qa5 13.Bd2 Qb6 14.Bg5 O-O-O 15.Qg4 c5
16.Rd1 cxd4 17.Qxd4 Bc5 18.Qf4 Rdg8 19.h4 Bxf2+ 20.Qxf2 Rxg5 21.Qd2 Re5+
22.Be2 Nc5 23.Kf1 Rf5+ 24.Ke1 Bxg2 25.Rh2 Nd3+ {#R} 0-1

[Event "It (cat.4)"]
[Site "masterchessopen.com Haarlem (Netherlands)"]
[Date "2012.08.27"]
[Round "3"]
[White "Wantola Ivo (NED)"]
[Black "Van Delft Merijn (NED)"]
[Result "0-1"]
[WhiteElo "2330"]
[BlackElo "2408"]

1.Nf3 d5 2.d4 Nf6 3.c4 c6 4.Nc3 e6 5.Bg5 dxc4 6.e4 b5 7.e5 h6 8.Bh4 g5 9.Nxg5
hxg5 10.Bxg5 Nbd7 11.g3 Qa5 12.exf6 b4 13.Ne4 Ba6 14.Qf3 O-O-O 15.Be2 e5
16.dxe5 Nxe5 17.Qf5+ Kb7 18.O-O Rd5 19.a3 c3 20.Bxa6+ Qxa6 21.axb4 Qe2 22.Nxc3
Nf3+ 23.Qxf3 Qxf3 24.Nxd5 Qxd5 25.Be3 a6 26.Rfd1 Qe6 {#R} 0-1

[Event "Olympiad (under 16)"]
[Site "masterchessopen.com Istanbul (Turkey)"]
[Round "4"]
[White "Saiyn Zhanat (KAZ)"]
[Black "Liu Yi (AUS)"]
[Result "1-0"]
[WhiteElo "2188"]
[BlackElo "2188"]

1.d4 d5 2.c4 c6 3.Nc3 Nf6 4.Nf3 e6 5.Bg5 dxc4 6.e4 b5 7.e5 h6 8.Bh4 g5 9.Bg3
Nh5 10.Be2 Qb6 11.Nxg5 hxg5 12.Bxh5 Be7 13.O-O Nd7 14.a4 Rh7 15.axb5 cxb5
16.d5 Nc5 17.d6 Bf8 18.Qg4 Bb7 19.Qxg5 b4 20.Na4 Nxa4 21.Rxa4 Qc6 22.Bf3 Qxa4
23.Bxb7 Rb8 24.Be4 Rg7 25.Qe3 c3 26.Qc5 {#r} 1-0

[Event "Ch Germany (juniors) (Internet) (under 25) (qual4)"]
[Site "masterchessopen.com Internet"]
[Date "2012.09.12"]
[Round "4"]
[White "Lutz Bernhard (GER)"]
[Black "Carow Annelen"]
[Result "1-0"]
[WhiteElo "2394"]
[BlackElo "1882"]

1.d4 d5 2.c4 c6 3.Nc3 Nf6 4.Nf3 e6 5.Bg5 dxc4 6.e4 h6 7.Bxf6 Qxf6 8.Bxc4 b5
9.Bd3 Bb7 10.e5 Qd8 11.O-O Nd7 12.Rc1 Nb6 13.Ne4 Nd5 14.Nc5 Bxc5 15.Rxc5 O-O
16.Be4 Qa5 17.a3 Qb6 18.Qd2 a5 19.Rfc1 b4 20.a4 Rfc8 21.g4 Ne7 22.g5 h5 23.g6
f5 24.exf6 gxf6 25.Qh6 {#r} 1-0